|
|
|
|
| LEADER |
00732nam a22001817a 4500 |
| 082 |
|
|
|a 413
|b SUK/H M2
|
| 100 |
|
|
|a ആര് സുകുമാരന് നായര്
|9 227912
|
| 100 |
|
|
|a R Sukumaran Nair
|9 227914
|
| 240 |
|
|
|a Hindi Malayalam Dictionary
|
| 245 |
|
|
|a ഹിന്ദി മലയാളം ഡിക്ഷ്ണറി
|
| 250 |
|
|
|a 1st
|
| 260 |
|
|
|a Thiruvananthaouram;
|b STEPS;
|c 1982
|
| 300 |
|
|
|a 252p.
|
| 650 |
|
|
|a മലയാളം ;നിഘണ്ടു
|9 227916
|
| 650 |
|
|
|a Malayalam;Dictionry
|9 227917
|
| 942 |
|
|
|c BK
|
| 999 |
|
|
|c 56516
|d 56516
|
| 952 |
|
|
|0 0
|1 0
|4 0
|6 413_000000000000000_SUK_H_M2
|7 0
|8 REFDIC
|9 67582
|a MAL
|b MAL
|d 2016-07-18
|e 32472
|g 25.00
|l 0
|o 413 SUK/H M2
|p MAL032472
|r 2016-07-18
|t 1
|w 2016-07-18
|y REF
|